| 000 | 00823cam a22002657a 4500 | ||
|---|---|---|---|
| 003 | CHAP | ||
| 005 | 20220329140315.0 | ||
| 008 | 971013s r 00010 d | ||
| 010 | _a50108 | ||
| 011 | _a51080 | ||
| 035 | _a55230 | ||
| 040 | _cCHAP | ||
| 090 | _aR-550 | ||
| 100 | 0 | 0 |
_aPhillips, E. Percy. _987810 |
| 245 | 1 | 2 | _aA preliminar note on the flora in the neighbourhood of Bethlehem |
| 500 | _aSobretiro de: S.A. Journal Natural History 3(2) : 10-16, 1922. | ||
| 590 |
_aBATCH-UPD _b10 _c20130110 _lUCH01 _h0812 |
||
| 590 |
_aBATCH-UPD _b10 _c20130410 _lUCH01 _h0449 |
||
| 590 |
_aBATCH-UPD _b10 _c20130914 _lUCH01 _h0733 |
||
| 590 |
_aCONVERSION _b10 _c20130109 _lUCH01 _h1327 |
||
| 650 | 1 | 4 |
_aBotánica _xAfrica del Sur. _914479 |
| 901 | _aBK | ||
| 942 | _cREIMP | ||
| 949 |
_aR-550 _bBC _cR _d-121321 _eTS1 _i55230 _si |
||
| 999 |
_c50108 _d50108 |
||